Humanitas : (Registro nro. 21712)

Detalles MARC
000 -Cabecera
Campo de control interno 01658nam a2200229Ia 4500
005 - Fecha y hora del registro
control field 20260421103818.0
008 - Elementos de Longitud Fija
fixed length control field 260320s9999||||xx |||||||||||||| ||und||
022 ## - ISSN
ISSN 07172168
041 ## - Idioma
Codigo Idioma ESP
082 ## - DEWEY y NOTACIÓN INTERNA
Dewey HR 200 OTOÑO-INVIERNO 2025
Notación Interna HUMANITAS
110 ## - AUTOR INSTTITUCIONAL
Autor Institucional Pontificia Universidad Católica de Chile
245 #0 - TÍTULO DE MATERIAL BIBLIOGRÁFICO
Título Humanitas :
Título paralelo revista de antropología y cultura cristiana
260 ## - CIUDAD, EDITORIAL, AÑO
Ciudad Santiago :
Nombre de la Editorial Pontificia Universidad Católica de Chile,
Año 2025
300 ## - DESCRIPCIÓN
N° Páginas 356 páginas :
Otros detalles fotografías ;
Dimensiones 24 cm.
505 ## - TABLA DE CONTENIDO
Tabla de Contenido N° 110 (2025) - Austen Ivereigh: "El atributo que León XIV nos traerá es la paz". Por Valentina Jensen y Sofía Brahm - Jesús y las mujeres, el ministerio del cuidado. Por Linda Pocher - La empatía en la propuesta antropológica del Papa Francisco. Por María Asunción Pérez-Cotapos y Carlos Cornejo - Ser universidad y ser católica, una identidad doblemente definida. Por Juan Larraín C. - "Su vida es nuestra vida; su misión es nuestra misión". 150 años de la sociedad del Verbo Divino. Por Sergio Edwards SVD. APUNTES Y NOTAS: - Simplemente "El cántico del hermano sol o de las criaturas". Por Cardenal Celestino Aós - La promoción de los objetivos de desarrollo sostenible como servicio a los demás. Por Rodrigo Polanco - Hildegard von Bingen. Una mujer iluminada y luminosa del siglo XII. Por Gina Allende Martínez
650 ## - TEMAS
Temas Religión
653 ## - DESCRIPTORES
Lenguajes no controlado Religión - Revista; Antropología - Revista
654 ## - PROGRAMAS
Programa Dpto. de Humanidades
856 ## - URL - UBICACIÓN
URI/URL: Enlace exacto del recurso <a href="https://dialnet.unirioja.es/servlet/revista?codigo=10862">https://dialnet.unirioja.es/servlet/revista?codigo=10862</a>
Nota pública: Versión digital <a href="Versión digital">Versión digital</a>
942 ## - ELEMENTOS DE KOHA
Tipo de documento Revista
Nombre del creador Justo Noguera
Código de catalogador Margarita Torres
Esquema de clasificación Dewey Decimal Classification
Existencias
Codigo completo Registro Colección Copia número Disponibilidad Tipo de préstamo Biblioteca Actual Procedencia (Biblioteca) Ubicacón Fecha Ingreso Tipo de Adquisición Date last seen Total checkouts Price effective from Tipo de Item Estado del Material Fuente de Clasificación Damaged status Withdrawn status
HR 200 OTOÑO-INVIERNO 2025 HUMANITAS 1085259 Universidad Católica San Pablo 1 Disponible Disponible Víctor Andrés Belaunde Víctor Andrés Belaunde Planta baja abierta 07/04/2026 Suscripción 07/04/2026   07/04/2026 Revista Bueno Dewey Decimal Classification